000 00289nam a22001217a 4500
082 _a001
_bPAL/P
100 _aPALATHINGAL, SIMON
245 _aTHE PARENT THE TELEVISION AND THE CHILD
260 _aBANGALORE
_bBOSCOMM CLUB
_c1996
300 _a51
650 _aPSYCHOLOGY
_zINDIA
942 _cBK
999 _c5688
_d5688